[Event "EU-ch Online U2300 Qual"]
[Site "Chess.com INT"]
[Date "2020.05.25"]
[Round "1"]
[White "Ivanisvili, Andrejs"]
[Black "Kresz, Adam"]
[Result "1-0"]
[WhiteElo "2233"]
[BlackElo "2138"]
[PlyCount "59"]
[EventDate "2020.05.25"]
[EventType "swiss"]
[EventRounds "8"]
[EventCountry "NET"]
[SourceTitle "EXT 2021"]
[Source "ChessBase"]
[SourceDate "2020.10.23"]
[SourceVersion "1"]
[SourceVersionDate "2020.10.23"]
[SourceQuality "1"]

1. d4 d5 2. Nf3 Nf6 3. c4 e6 4. Nc3 c6 5. e3 Nbd7 6. a3 Bd6 7. Bd3 dxc4 8. Bxc4 b5 9. Ba2 Bb7 10. 0-0 a6 11. e4 e5 12. Bg5 0-0 13. h3 c5 14. dxc5 Nxc5 15. Re1 Rc8 16. Nd5 Bxd5 17. Bxd5 Ne6 18. Bh4 Qb6 19. Bxf6 gxf6 20. Nh4 Bc5 21. Qf3 Nd4 22. Qg4+ Kh8 23. b4 Be7 24. Rac1 Rxc1 25. Rxc1 Rg8 26. Rc8 Bf8 27. Qh5 Qa7 28. Bxf7 Qd7 29. Bxg8 Kxg8 30. Qg4+ 1-0

[Event "EU-ch Online U2300 Qual"]
[Site "Chess.com INT"]
[Date "2020.05.25"]
[Round "3"]
[White "Karasik, Mikhail"]
[Black "Kresz, Adam"]
[Result "1-0"]
[WhiteElo "2167"]
[BlackElo "2138"]
[PlyCount "105"]
[EventDate "2020.05.25"]
[EventType "swiss"]
[EventRounds "8"]
[EventCountry "NET"]
[SourceTitle "EXT 2021"]
[Source "ChessBase"]
[SourceDate "2020.10.23"]
[SourceVersion "1"]
[SourceVersionDate "2020.10.23"]
[SourceQuality "1"]

1. e4 e6 2. d4 d5 3. exd5 exd5 4. g3 Bd6 5. Bg2 Ne7 6. f4 Nbc6 7. Nf3 Bf5 8. c3 f6 9. 0-0 Qd7 10. b4 0-0-0 11. b5 Nb8 12. a4 h6 13. Qb3 g5 14. fxg5 hxg5 15. c4 dxc4 16. Qxc4 Ng6 17. Qd5 Be6 18. Qe4 f5 19. Qd3 g4 20. Ng5 Rh5 21. d5 Bc5+ 22. Kh1 Rdh8 23. h3 gxh3 24. Bf3 Ne5 25. Qe2 Bxd5 26. Qxe5 Bxf3+ 27. Nxf3 Bd6 28. Qd4 Bxg3 29. Qxd7+ Nxd7 30. Bb2 Re8 31. Nbd2 Re2 32. Bd4 f4 33. Nc4 Rd5 34. Rad1 Rc2 35. Ncd2 c5 36. bxc6 bxc6 37. Ne4 Kb7 38. Rb1+ Ka6 39. Rbc1 Ra2 40. Nc3 Rxd4 41. Nxa2 Rxa4 42. Nc3 Rb4 43. Ra1+ Kb7 44. Rab1 c5 45. Nd5 Rxb1 46. Rxb1+ Kc6 47. Nc3 a5 48. Ra1 Nb6 49. Rxa5 Nc4 50. Ra6+ Kb7 51. Rh6 h2 52. Nxh2 Bxh2 53. Kxh2 1-0

[Event "EU-ch Online U2300 Qual"]
[Site "Chess.com INT"]
[Date "2020.05.25"]
[Round "2"]
[White "Kresz, Adam"]
[Black "Arakhamia Grant, Ketevan"]
[Result "0-1"]
[WhiteElo "2138"]
[BlackElo "2380"]
[PlyCount "68"]
[EventDate "2020.05.25"]
[EventType "swiss"]
[EventRounds "8"]
[EventCountry "NET"]
[SourceTitle "EXT 2021"]
[Source "ChessBase"]
[SourceDate "2020.10.23"]
[SourceVersion "1"]
[SourceVersionDate "2020.10.23"]
[SourceQuality "1"]

1. e4 c5 2. Nf3 Nc6 3. d4 cxd4 4. Nxd4 e5 5. Nb5 d6 6. c4 Be7 7. N1c3 a6 8. Na3 Nf6 9. f3 0-0 10. Be3 Be6 11. Qd2 Rc8 12. Nc2 Nh5 13. Bd3 g6 14. 0-0 f5 15. exf5 gxf5 16. Nd5 Nf6 17. Bb6 Qd7 18. Nxe7+ Nxe7 19. Rad1 Kh8 20. Kh1 Bxc4 21. Bxc4 Rxc4 22. Ne3 Rc6 23. Ba5 f4 24. Ng4 Nxg4 25. fxg4 Qxg4 26. Bb4 Nf5 27. Rc1 Rg8 28. Rxc6 bxc6 29. Bc3 Ne3 30. Rg1 f3 31. g3 Qe4 32. Qf2 Ng4 33. Qf1 f2+ 34. Rg2 Rf8 0-1

[Event "HUN-ch U18"]
[Site "Balatonlelle"]
[Date "2019.06.26"]
[Round "7"]
[White "Kresz, Adam"]
[Black "Laszlo, Csaba"]
[Result "1/2-1/2"]
[WhiteElo "1949"]
[BlackElo "1852"]
[PlyCount "101"]
[EventDate "2019.06.21"]
[EventType "swiss"]
[EventRounds "9"]
[EventCountry "HUN"]
[SourceTitle "CBM 191 Extra"]
[Source "ChessBase"]
[SourceDate "2019.09.30"]
[SourceVersion "1"]
[SourceVersionDate "2019.09.30"]
[SourceQuality "1"]

1. e4 c5 2. Nf3 Nc6 3. d4 cxd4 4. Nxd4 g6 5. Nc3 Bg7 6. Be3 Nf6 7. Bc4 Qa5 8. f3 0-0 9. Bb3 d6 10. Qd2 Nxd4 11. Bxd4 b5 12. Nd5 Qxd2+ 13. Kxd2 Nxe4+ 14. fxe4 Bxd4 15. Nxe7+ Kg7 16. Bd5 Bd7 17. Bxa8 Rxa8 18. c3 Be5 19. Rae1 a5 20. Kc2 Rb8 21. Nd5 Rb7 22. Ne3 Be6 23. g3 Bd7 24. Rhf1 Be6 25. Nd5 Ra7 26. a3 Rb7 27. Rf3 f5 28. Nf4 Bxf4 29. Rxf4 fxe4 30. Kd2 d5 31. h4 h5 32. Ke3 b4 33. axb4 axb4 34. c4 dxc4 35. Rxe4 Bf7 36. Kd2 c3+ 37. Kc2 cxb2 38. Kxb2 b3 39. Re7 Rxe7 40. Rxe7 Kf6 41. Rb7 Be6 42. Rb5 Bc4 43. Rc5 Be6 44. Kc3 Ke7 45. Rb5 Kf7 46. Kd4 Kf6 47. Ke4 Bf5+ 48. Kf4 Bc2 49. Rb6+ Ke7 50. g4 hxg4 51. Kxg4 1/2-1/2

[Event "HUN-chT2 Charousek 1819"]
[Site "Hungary"]
[Date "2019.03.31"]
[Round "10.12"]
[White "Salavecz, Gergely"]
[Black "Kresz, Adam"]
[Result "1/2-1/2"]
[WhiteElo "1947"]
[BlackElo "1933"]
[PlyCount "93"]
[EventDate "2018.09.23"]
[EventType "team-tourn"]
[EventRounds "11"]
[EventCountry "HUN"]
[SourceTitle "EXT 2021"]
[Source "ChessBase"]
[SourceDate "2020.10.23"]
[SourceVersion "1"]
[SourceVersionDate "2020.10.23"]
[SourceQuality "1"]
[WhiteTeam "Balatonfuered"]
[BlackTeam "Komlo Banyasz"]
[WhiteTeamCountry "HUN"]
[BlackTeamCountry "HUN"]

1. e4 e6 2. d4 d5 3. Nd2 Nf6 4. e5 Nfd7 5. Bd3 c5 6. c3 Nc6 7. Ne2 Qb6 8. Nf3 cxd4 9. cxd4 f6 10. exf6 Nxf6 11. 0-0 Bd6 12. Bf4 Bxf4 13. Nxf4 0-0 14. b3 Ne4 15. g3 Qc7 16. Bxe4 dxe4 17. Ng5 Rxf4 18. gxf4 h6 19. Nxe4 Qxf4 20. f3 e5 21. dxe5 Bh3 22. Rf2 Rd8 23. Qc1 Qxe5 24. Qc3 Qf4 25. Kh1 Ne5 26. Rg1 Rd3 27. Qc1 Qf5 28. Rg3 Kh8 29. Nc5 Rxf3 30. Rgxf3 Nxf3 31. Qd1 Qxc5 32. Rxf3 Bg4 33. Qd8+ Kh7 34. Qd3+ Kh8 35. Re3 Qc6+ 36. Kg1 Bh5 37. a4 Bg6 38. Qc3 Qd5 39. Kf2 Qf5+ 40. Rf3 Qd5 41. Qc4 Qd2+ 42. Kg1 Qe1+ 43. Qf1 Qe7 44. Qc1 Kh7 45. Qe3 Qd7 46. Qxa7 Qd1+ 47. Kf2 1/2-1/2

[Event "HUN-chT2 Charousek 1819"]
[Site "Hungary"]
[Date "2018.11.18"]
[Round "4.12"]
[White "Kresz, Adam"]
[Black "Takacs, Karoly"]
[Result "1-0"]
[WhiteElo "1933"]
[BlackElo "1949"]
[PlyCount "59"]
[EventDate "2018.09.23"]
[EventType "team-tourn"]
[EventRounds "11"]
[EventCountry "HUN"]
[SourceTitle "CBM 189 Extra"]
[Source "ChessBase"]
[SourceDate "2019.06.03"]
[SourceVersion "1"]
[SourceVersionDate "2019.06.03"]
[SourceQuality "1"]
[WhiteTeam "Komlo Banyasz"]
[BlackTeam "Szentgotthard Alsoszolnok"]
[WhiteTeamCountry "HUN"]
[BlackTeamCountry "HUN"]

1. e4 c5 2. Nf3 e6 3. d3 Nc6 4. Nbd2 Nf6 5. g3 d5 6. Bg2 Be7 7. 0-0 0-0 8. e5 Nd7 9. Re1 Qc7 10. Qe2 b6 11. Nf1 Bb7 12. h4 h6 13. h5 a5 14. Bf4 Rfe8 15. N1h2 Qd8 16. Qd2 Kh7 17. g4 f6 18. exf6 Bxf6 19. g5 hxg5 20. Nxg5+ Bxg5 21. Bxg5 Nf6 22. Ng4 Rf8 23. Bxf6 Rxf6 24. Qg5 Nd4 25. Nxf6+ Qxf6 26. Qxf6 gxf6 27. c3 Nf5 28. Rxe6 Rg8 29. Rxf6 Bc8 30. Rg6 1-0

[Event "HUN-chT2 Asztalos 1718"]
[Site "Hungary"]
[Date "2018.03.25"]
[Round "8.5"]
[White "Kresz, Adam"]
[Black "Mitric, Milutin"]
[Result "1/2-1/2"]
[WhiteElo "1984"]
[BlackElo "1924"]
[PlyCount "42"]
[EventDate "2017.10.29"]
[EventType "team-tourn"]
[EventRounds "9"]
[EventCountry "HUN"]
[SourceTitle "EXT 2021"]
[Source "ChessBase"]
[SourceDate "2020.10.23"]
[SourceVersion "1"]
[SourceVersionDate "2020.10.23"]
[SourceQuality "1"]
[WhiteTeam "Komlo Banyasz II"]
[BlackTeam "Pecs Karmin"]
[WhiteTeamCountry "HUN"]
[BlackTeamCountry "HUN"]

1. e4 d6 2. d4 Nf6 3. f3 c6 4. c4 Nbd7 5. Nh3 e5 6. d5 cxd5 7. cxd5 Qb6 8. Nc3 Nc5 9. Nf2 Bd7 10. Nd3 Rc8 11. Nxc5 Qxc5 12. Bd2 Be7 13. Qc1 a6 14. Be3 Qa5 15. Qd2 0-0 16. Bd3 Nh5 17. 0-0 Nf4 18. Rfc1 Nxd3 19. Qxd3 f5 20. exf5 Bxf5 21. Qd2 Qb4 1/2-1/2

[Event "HUN-chT2 Charousek 1718"]
[Site "Hungary"]
[Date "2017.12.03"]
[Round "3.10"]
[White "Kresz, Adam"]
[Black "Fur, Katinka"]
[Result "1/2-1/2"]
[WhiteElo "1988"]
[BlackElo "2016"]
[PlyCount "92"]
[EventDate "2017.10.29"]
[EventType "team-tourn"]
[EventRounds "9"]
[EventCountry "HUN"]
[SourceTitle "EXT 2020"]
[Source "ChessBase"]
[SourceDate "2019.10.17"]
[SourceVersion "1"]
[SourceVersionDate "2019.10.17"]
[SourceQuality "1"]
[WhiteTeam "Komlo Banyasz"]
[BlackTeam "Balatonfuered"]
[WhiteTeamCountry "HUN"]
[BlackTeamCountry "HUN"]

1. e4 e6 2. d3 d5 3. Nd2 Nf6 4. Ngf3 c5 5. g3 Nc6 6. Bg2 Be7 7. 0-0 0-0 8. e5 Nd7 9. Re1 b5 10. Nf1 a5 11. h4 Ba6 12. h5 b4 13. h6 g6 14. N1h2 Rc8 15. Ng4 Bb5 16. Bf1 Nb6 17. Bd2 Ba6 18. c3 c4 19. d4 Rb8 20. Qc1 Na4 21. Bg5 Bxg5 22. Nxg5 Qe7 23. Nf6+ Kh8 24. Ngxh7 Rfc8 25. Qc2 Nb6 26. Ng5 Nd7 27. Nxd7 Qxd7 28. Qd2 Rb7 29. Qf4 Qe7 30. Re3 Nd8 31. Rf3 Bb5 32. Be2 Ba4 33. Bd1 Bxd1 34. Rxd1 Rcc7 35. Kg2 bxc3 36. bxc3 Rb2 37. Rd2 Rb1 38. Rc2 Rcb7 39. Qh4 a4 40. Re3 a3 41. Ree2 Nc6 42. Qf4 Nd8 43. Red2 R1b2 44. Kf3 Rb1 45. Kg2 R1b2 46. Kf3 Rb1 1/2-1/2

[Event "HUN-chT2 Charousek 1718"]
[Site "Hungary"]
[Date "2017.10.29"]
[Round "1.11"]
[White "Kresz, Adam"]
[Black "Papp, Gabor1111"]
[Result "1/2-1/2"]
[WhiteElo "1988"]
[BlackElo "2031"]
[PlyCount "85"]
[EventDate "2017.10.29"]
[EventType "team-tourn"]
[EventRounds "9"]
[EventCountry "HUN"]
[SourceTitle "EXT 2020"]
[Source "ChessBase"]
[SourceDate "2019.10.17"]
[SourceVersion "1"]
[SourceVersionDate "2019.10.17"]
[SourceQuality "1"]
[WhiteTeam "Komlo Banyasz"]
[BlackTeam "Gyor Szechenyi"]
[WhiteTeamCountry "HUN"]
[BlackTeamCountry "HUN"]

1. e4 e6 2. d3 d5 3. Nd2 Nf6 4. Ngf3 Nc6 5. g3 dxe4 6. dxe4 Bc5 7. Bg2 0-0 8. 0-0 h6 9. c3 a5 10. Qc2 e5 11. h3 Nh5 12. Kh2 Be6 13. Rd1 Qe7 14. Nf1 Rfd8 15. Be3 Nf6 16. Ne1 Bc4 17. Bxc5 Qxc5 18. Ne3 Ba6 19. Rxd8+ Rxd8 20. Rd1 Rxd1 21. Qxd1 g6 22. Qd2 Kg7 23. b3 b6 24. Nd5 Qd6 25. Qe3 Nxd5 26. exd5 Ne7 27. c4 Nf5 28. Qc3 f6 29. Nd3 Ne7 30. f4 exf4 31. Nxf4 Bc8 32. Be4 Bd7 33. Qd4 Nf5 34. Bxf5 Bxf5 35. Qe3 Kf7 36. Ne2 g5 37. Nd4 Bd7 38. Qe4 Qe5 39. Qxe5 fxe5 40. Ne2 Kf6 41. g4 e4 42. Kg3 Ke5 43. Kf2 1/2-1/2

[Event "HUN-chT2 Asztalos 1617"]
[Site "Hungary"]
[Date "2016.10.09"]
[Round "2.9"]
[White "Kresz, Adam"]
[Black "Mezei, Szilard"]
[Result "1/2-1/2"]
[WhiteElo "1780"]
[BlackElo "1865"]
[PlyCount "57"]
[EventDate "2016.09.25"]
[EventType "team-tourn"]
[EventRounds "11"]
[EventCountry "HUN"]
[SourceTitle "EXT 2021"]
[Source "ChessBase"]
[SourceDate "2020.10.23"]
[SourceVersion "1"]
[SourceVersionDate "2020.10.23"]
[SourceQuality "1"]
[WhiteTeam "Szentlorinc"]
[BlackTeam "Kiraly Sakk"]
[WhiteTeamCountry "HUN"]
[BlackTeamCountry "HUN"]

1. e4 e5 2. Nf3 Nf6 3. Bc4 Nc6 4. Ng5 d5 5. exd5 Na5 6. Bb5+ Bd7 7. Qe2 Bd6 8. Bxd7+ Qxd7 9. Nc3 0-0 10. Nge4 Nxe4 11. Qxe4 f5 12. Qa4 Qxa4 13. Nxa4 b5 14. Nc3 a6 15. d3 Nb7 16. Ne2 Nc5 17. 0-0 Nd7 18. c4 Nb6 19. b3 e4 20. dxe4 bxc4 21. bxc4 Nxc4 22. Bf4 fxe4 23. Bxd6 cxd6 24. Rac1 Rac8 25. Ng3 e3 26. fxe3 Nxe3 27. Rxf8+ Rxf8 28. Rc6 Nxd5 29. Rxa6 1/2-1/2